Metallica Songs - Statistics

General Stats
  • This quiz has been taken 36 times
    29 since last reset
  • The average score is 96 of 162
Answer Stats
Track Answer % Correct
1 Battery
100%
1 Enter Sandman
100%
4 Fade To Black
100%
1 Fuel
100%
2 Master Of Puppets
100%
4 One
100%
2 Ride The Lightning
100%
9 Seek & Destroy
100%
2 St. Anger
100%
4 The Unforgiven
100%
4 The Unforgiven II
100%
2 ...And Justice For All
91%
1 Fight Fire with Fire
91%
3 For Whom The Bell Tolls
91%
8 Nothing Else Matters
91%
8 The Call of Ktulu
91%
2 The Four Horsemen
91%
7 The Unforgiven III
91%
1 Blackened
82%
7 Creeping Death
82%
8 Damage, Inc.
82%
6 Escape
82%
1 Hardwired
82%
6 Harvester of Sorrow
82%
3 Holier Than Thou
82%
9 Of Wolf and Man
82%
7 Orion
82%
2 Sad But True
82%
2 The Memory Remains
82%
8 To Live Is To Die
82%
5 Trapped Under Ice
82%
4 Welcome Home (Sanitarium)
82%
5 Wherever I May Roam
82%
9 Whiskey in the Jar
82%
1 72 Seasons
73%
1 Ain't My Bitch
73%
5 Disposable Heroes
73%
9 Dyers Eve
73%
13 Fixxxer
73%
6 Hero of the Day
73%
1 Hit The Lights
73%
I Disappear
73%
5 King Nothing
73%
6 Leper Messiah
73%
6 Lux Æterna
73%
11 Mama Said
73%
10 Metal Militia
73%
3 The Thing That Should Not Be
73%
4 Turn the Page
73%
4 Until It Sleeps
73%
6 Whiplash
73%
2 2x4
64%
7 Bleeding Me
64%
7 Blitzkrieg
64%
5 Die, Die My Darling
64%
6 Don't Tread On Me
64%
3 Eye of the Beholder
64%
1 Frantic
64%
9 If Darkness Had a Son
64%
4 Jump In The Fire
64%
3 Motorbreath
64%
10 My Apocalypse
64%
11 My Friend of Misery
64%
8 No Remorse
64%
7 Phantom Lord
64%
13 Ronnie
64%
7 Shoot Me Again
64%
6 Slither
64%
9 Suicide & Redemption
64%
4 The Day That Never Comes
64%
The Ecstasy of Gold
64%
7 The Frayed Ends of Sanity
64%
10 The God That Failed
64%
3 The House Jack Built
64%
5 The Shortest Straw
64%
12 The Struggle Within
64%
11 All Within My Hands
55%
8 Astronomy
55%
2 Atlas, Rise!
55%
8 Bad Seed
55%
8 Breadfan
55%
4 Crash Course in Brain Surgery
55%
8 Cure
55%
6 Cyanide
55%
4 Dirty Window
55%
2 -Human
55%
5 Invisible Kid
55%
6 My World
55%
1 No Leaf Clover
55%
13 Overkill
55%
5 Pulling Teeth (Anesthesia)
55%
10 Purify
55%
3 Screaming Suicide
55%
11 So What
55%
10 Stone Cold Crazy
55%
8 Sweet Amber
55%
1 That Was Just Your Life
55%
8 The Judas Kiss
55%
14 The Outlaw Torn
55%
12 Thorn Within
55%
7 Through the Never
55%
5 All Nightmare Long
45%
6 Am I Evil?
45%
12 Attitude
45%
5 Better Than You
45%
3 Broken, Beat & Scarred
45%
8 Chasing Light
45%
7 Crown of Barbed Wire
45%
14 Damage Case
45%
3 Devil's Dance
45%
1 Free Speech for the Dumb
45%
6 Halo On Fire
45%
12 Inamorata
45%
2 It's Electric
45%
5 Last Caress/Green Hell
45%
11 Low Man's Lyric
45%
7 Mercyful Fate
45%
4 Moth Into Flame
45%
5 Murder One
45%
9 Poor Twisted Me
45%
Ronnie Rising Medley
45%
11 Room of Mirrors
45%
2 Shadows Follow
45%
3 Some Kind of Monster
45%
6 Spit Out the Bone
45%
15 Stone Dead Forever
45%
2 The End of the Line
45%
9 The Prince
45%
9 The Unnamed Feeling
45%
10 Tuesday's Gone
45%
10 Wasting My Hate
45%
9 Where the Wild Things Are
45%
4 Am I Savage?
36%
7 Carpe Diem Baby
36%
5 Dream No More
36%
1 Hate Train
36%
3 Hell and Back
36%
3 Here Comes Revenge
36%
2 Just a Bullet Away
36%
12 Killing Time
36%
2 ManUNkind
36%
3 Now that We're Dead
36%
10 Prince Charming
36%
4 Rebel of Babylon
36%
Remember Tomorrow
36%
3 Sabbra Cadabra
36%
4 Sleepwalk My Life Away
36%
2 The Small Hours
36%
3 The Wait
36%
10 Too Far Gone
36%
16 Too Late Too Late
36%
5 You Must Burn!
36%
Commando
27%
1 Confusion
27%
1 Helpless
27%
6 Loverman
27%
53rd & 3rd
18%
Cretin Hop
18%
Now I Wanna Sniff Some Glue
18%
11 The More I See
18%
Today Your Love, Tomorrow the World
18%
We're a Happy Family
18%
No matching quizzes found
Score Distribution
Percent of People with Each Score
Percentile by Number Answered
Your Score History
You have not taken this quiz since the last reset